00434nam a2200193Ia 4500003000900000008004100009040001300050040001300063041000800076100002100084245005300105250000900158260001200167260000900179300001100188300001000199490002300209490000800232IT-RoPAU120407s9999 xx 000 0 und d aIT-RoPAU cIT-RoPAU aita aAntonio Viscardi aLe origini della tradizione letteraria italiana. aRoma aStudium c1959 a124 p. c17 cm aUniversale Studium v164